Statistiken für Liedtext: SDP ft. Adel Tawil - Ich will nur, dass du weißt

Klicken Sie hier um das Quiz zu spielen!

Allgemein

  • Dieses Quiz wurde 75 mal gespielt
  • Das Durchschnittsergebnis liegt bei 314 aus 366

Antwortstatistiken

Antwort% Korrekt
da
100%
das
100%
ich
100%
Ich
100%
nur
100%
weiß
100%
will
100%
du
98%
Wie
98%
wie
98%
an
97%
dass
97%
Dich
97%
dich
97%
sie
97%
und
97%
Und
97%
weißt
97%
dir
95%
schreib
95%
Briefe
94%
für
94%
liebe
94%
nicht
94%
oft
94%
so
94%
wieder
94%
zerreiß
94%
ne
92%
Scheiß
92%
ist
90%
hab
89%
Lieder
89%
so'n
89%
bei
87%
dein
87%
den
87%
wer
87%
Ob
85%
ob
85%
niemand
84%
bist
82%
deiner
82%
doch
82%
seh
82%
Tür
82%
war
82%
weg
82%
weil
82%
Weil
82%
davon
81%
die
79%
Die
79%
schick
79%
sehen
79%
zeig
79%
geklopft
77%
mir
77%
online
77%
SMS
77%
Alle
76%
ein
76%
gecheckt
76%
meine
76%
niemandem
76%
wollte
76%
Denn
74%
es
74%
zu
74%
bin
73%
mich
73%
noch
73%
von
73%
dann
71%
immer
71%
sagen
71%
schreibst
71%
wenn
71%
Freunde
69%
ihr
69%
was
69%
geh
68%
auf
66%
Kopf
66%
Lass
66%
raten
66%
schlage
66%
aus
65%
dem
65%
eine
65%
Frag
65%
Ja
65%
vergessen
65%
wissen
65%
deinen
63%
Gefühl
63%
grad
63%
oder
63%
alleine
61%
andre
61%
Finger
61%
gar
61%
schlagen
61%
trägt
61%
früher
60%
Gleiche
60%
Jahre
60%
kaum
60%
Schreibtisch
60%
Atem
58%
Bild
58%
dauert
58%
einen
58%
ertragen
58%
gegenüber
58%
Namen
58%
Parfüm
58%
red
58%
sich
58%
fast
56%
fühlst
56%
Frau
55%
Straße
55%
überall
55%
gerade
53%
sitzt
53%
stehst
53%
Moment
52%
Paare
52%
raubt's
48%
berührst
47%
direkt
47%
Mal
47%
Jedes
42%

Verteilung der Resultate

Perzentil nach korrekt beantworteten Fragen

Anzahl Personen mit jedem Resultat

Ihre Resultats-Entwicklung

Sie haben dieses Quiz noch nicht gespielt